00931nam a22002777a 450000500170000001000150001702000260003203500140005803700090007208200130008110000180009424500680011225000060018026000590018627001290024530000290037470000290040370000270043270000250045970000260048470000300051070000260054070000310056670000270059770000290062420240704113744.0 aENG-140768 c410.00a9789361599743 aEN-124300 bDBAD a685.822 aGupta, Prachi aMarketing Management:bIndian Casescby Prachi Gupta... [et.al] a2 aNoidabPearson India Education Services Pvt. Ltdc2024 a1st Floor, Berger Tower, Plot No. C-001A/2 Sector 16BbNoida (U.P.)e201301k04466540100mcompanysecretary.india@pearson.com aVarious Pagesb25cm (Pb) aAggarwal, AshitaeAuthor aMajra, HufrisheAuthor aJacob, IsaaceAuthor aJain, Varsha eAuthor aKrishna, G. RadhaeAuthor aNarang, Ritu eAuthor aVenkatesh, ShanthieAuthor aA, Suresh PauleAuthor aGoswami SusobhaneAuthor